Effect of temperature on stamen culture and somatic plant regeneration in rubber (Record no. 58192)

MARC details
000 -LEADER
fixed length control field 01291nam a2200193Ia 4500
100 ## - MAIN ENTRY--AUTHOR NAME
Personal name Yun W Z
245 #0 - TITLE STATEMENT
Title Effect of temperature on stamen culture and somatic plant regeneration in rubber
260 ## - PUBLICATION, DISTRIBUTION, ETC. (IMPRINT)
Name of publisher Acta Agronomica Sinica
Year of publication 1995
300 ## - PHYSICAL DESCRIPTION
Number of Pages 723-726
500 ## - GENERAL NOTE
General note Source Year: 1996
520 ## - SUMMARY, ETC.
Summary, etc In stamen culture experiments, a temperature difference of only 2 degree C could cause marked differences in efficiency. High temperatures could enhance callus formation rate but reduce callus differentiation ability, resulting in a lower plantlet induction rate owing to reduced embryoid quantity and quality. They could also accelerate root development, causing the root to appear before the shoot in some cases and thus impairing further embryoid development. Optimum temperatures were 24 to 27 degree C depending on the stage of culture. The temperatures most suitable for callus induction, somatic embryogenesis and plant regeneration were (respectively) 26, 24-25 and 26-27 degree C. Regeneration frequencies as high as 40.5;were obtained by using these optimum temperatures.
650 ## - SUBJECT ADDED ENTRY--TOPICAL TERM
Topical Term Rubber
650 ## - SUBJECT ADDED ENTRY--TOPICAL TERM
Topical Term Somatic plant regeneration
650 ## - SUBJECT ADDED ENTRY--TOPICAL TERM
Topical Term Stamen culture
700 ## - ADDED ENTRY--PERSONAL NAME
Personal name Ting C X
856 ## - ELECTRONIC LOCATION AND ACCESS
Uniform Resource Identifier PBA
942 ## - ADDED ENTRY ELEMENTS (KOHA)
Koha item type Journals
Holdings
Withdrawn status Lost status Damaged status Not for loan Home library Current library Shelving location Date acquired Serial Enumeration / chronology Koha item type
      Journals RRII Library RRII Library Biotechnology 17/12/2021 Volume 21, Issue 6 Journals